Statistics for Australian Bird Names Containing 'Blue'

Click here to take the quiz!

General Stats

  • This quiz has been taken 6 times
  • The average score is 3 of 9

Answer Stats

Answer% Correct
Blue-faced Honeyeater
100%
Blue-winged Kookaburra
100%
Blue-faced Parrot-finch
33%
Blue Petrel
33%
Blue-winged Parrot
33%
Eastern Bluebonnet
33%
Blue-billed Duck
0%
Blue-breasted Fairy-wren
0%
Naretha Bluebonnet
0%

Score Distribution

Percentile by Number Answered

Percent of People with Each Score

Your Score History

You have not taken this quiz